Fr. Conceicao Rodrigues College of Engineering

Internet for Everyone (Record no. 32877)

MARC details
000 -LEADER
fixed length control field 00310nam a2200145Ia 4500
082 ## - DEWEY DECIMAL CLASSIFICATION NUMBER
Classification number 5.74
Item number LEO/LEO
100 ## - MAIN ENTRY--PERSONAL NAME
Personal name Leon Alexis/ Mathews/ L
245 ## - TITLE STATEMENT
Title Internet for Everyone
260 ## - PUBLICATION, DISTRIBUTION, ETC.
Name of publisher, distributor, etc. Leon Tech World
Date of publication, distribution, etc. 1998
300 ## - PHYSICAL DESCRIPTION
Extent 170
546 ## - LANGUAGE NOTE
Language note ENGLISH
654 ## - SUBJECT ADDED ENTRY--FACETED TOPICAL TERMS
Focus term Computer
942 ## - ADDED ENTRY ELEMENTS (KOHA)
Koha item type BOOK
Holdings
Withdrawn status Lost status Damaged status Not for loan Collection Home library Current library Date acquired Total Checkouts Full call number Barcode Date last seen Price effective from Koha item type
        CRC Fr. Agnel's C.Rodrigues College of Engineering Fr. Agnel's C.Rodrigues College of Engineering 17/03/2023   5.74 LEO/LEO 12353 17/03/2023 17/03/2023 BOOK